Global Business Conference 2022 Proceedings Reshaping Customer-Oriented Business
Saved in:
| Corporate Author: | |
|---|---|
| Format: | Book |
| Language: | English |
| Published: |
Zagreb
Innovation Institute
2022
|
| Edition: | 1st Edition |
| Subjects: | |
| Tags: |
No Tags, Be the first to tag this record!
|
MARC
| LEADER | 00000nam a2200000 4500 | ||
|---|---|---|---|
| 001 | 0288024 | ||
| 005 | 20240822101719.7 | ||
| 022 | |a 1848-2252 | ||
| 041 | 0 | |a eng | |
| 044 | |a HR | ||
| 245 | 1 | 0 | |a Global Business Conference 2022 Proceedings |b Reshaping Customer-Oriented Business |
| 250 | |a 1st Edition | ||
| 264 | 1 | |a Zagreb |b Innovation Institute |c 2022 | |
| 300 | |a 223 s. | ||
| 610 | 2 | 0 | |a obchod |
| 610 | 2 | 0 | |a podnikanie |
| 610 | 2 | 0 | |a spotrebitelia |
| 110 | 2 | |a Annual Global Business Conference. Reshaping Customer-Oriented Business | |